Sociology themes and persepectives / (Record no. 58901)

MARC details
000 -LEADER
fixed length control field 00836nam a22002297a 4500
005 - DATE AND TIME OF LATEST TRANSACTION
control field 20180630164414.0
010 ## - LCCN (DPL NO)
LC control number B-444788
020 ## - INTERNATIONAL STANDARD BOOK NUMBER
International Standard Book Number 9780195613797
Terms of availability 285.00
035 ## - SYSTEM CONTROL NUMBER
System control number B-444788,B-90364
037 ## - SOURCE OF ACQUISITION
Source of stock number/acquisition Oxford University Press
037 ## - SOURCE OF ACQUISITION
Source of stock number/acquisition Allied Pub/Ven
082 ## - DEWEY DECIMAL CLASSIFICATION NUMBER
Classification number 301
100 ## - MAIN ENTRY--PERSONAL NAME
Personal name Haralambos, Michael
245 ## - TITLE STATEMENT
Title Sociology themes and persepectives /
Statement of responsibility, etc by Michael Haralambos with Robin Heald
260 ## - PUBLICATION, DISTRIBUTION, ETC. (IMPRINT)
Place of publication, distribution, etc New Delhi
Name of publisher, distributor, etc Oxford University Press
Date of publication, distribution, etc 2011
270 ## - ADDRESS
Address YMCA Library Building, Jai Singh Road,
City New Delhi
Postal code 110001
300 ## - PHYSICAL DESCRIPTION
Extent xiv, 594p. p.
Dimensions 24cm (pbk)
500 ## - GENERAL NOTE
General note Includes bibliographical references & index
700 ## - ADDED ENTRY--PERSONAL NAME
Personal name Heald, Robin
9 (RLIN) 36424
942 ## - ADDED ENTRY ELEMENTS (KOHA)
Source of classification or shelving scheme Dewey Decimal Classification
Item type English Books
Call number suffix HAR
Classification part 301
Holdings
Withdrawn status Lost status Not for loan Collection code Home library Current library Date acquired Source of acquisition Cost, normal purchase price Full call number Barcode Copy number Cost, replacement price Koha item type
      Non-fiction Central Library Central Library 05/01/2012 Allied/1045/13.09.11/78/14.3.11/12.10.2011 285.00 301 HAR B-444788 1 285.00 English Books
      Non-fiction Patel Nagar Patel Nagar 30/06/2018 BPPD/Pub 245.00 301 HAR B-90364 1 245.00 English Books

© Delhi Public Library
Hit Counter
free hit counter